Countries that might join BRICS - Statistics

General Stats
  • This quiz has been taken 40 times
  • The average score is 7 of 11
Answer Stats
Hint Answer % Correct
South America Argentina
91%
North America Mexico
91%
Asia Pakistan
91%
Africa Egypt
85%
Asia Thailand
74%
Asia Bangladesh
65%
Africa Kenya
53%
Europe Serbia
47%
Asia Sri Lanka
41%
Asia Tajikistan
29%
Africa Guinea
26%
No matching quizzes found
Score Distribution
Percent of People with Each Score
Percentile by Number Answered
Your Score History
You have not taken this quiz